01532cam a2200301 a 450000100180000000300060001800500170002400800410004101600200008202000180010202000150012004000470013504200130018205000240019506000150021906000200023408200180025408200160027224500640028825000120035226000490036430000330041350400510044650506160049765000480111365000490116170000200121040805,40803,40804OCoLC20140918183116.0080116s2009 moua bf 001 0 eng 7 a1014697522DNLM a9781416040989 a1416040986 aNLMcNLMdYDXCPdBAKERdVETdCOUdAU@dBNY anlmcopyc 4aRT120.E4bA285 200900a2008 D-52910aWY 49bE53 200904a610.73/6122204a616.02522200aEmergency nursing procedures /c[edited by] Jean A. Proehl. a4th ed. aSt. Louis, Mo. :bSaunders Elsevier,cc2009. axx, 951 p. :bill. ;c23 cm. aIncludes bibliographical references and index.0 aAssessment procedures -- Airway procedures -- Breathing procedures -- Oxygen therapy -- Suctioning -- Ventilation -- Inhalation therapy -- Pleural decompression -- Circulation procedures -- Vascular access -- Blood product administration -- Electrical therapy -- Cardiac pacing -- Invasive hemodynamic monitoring -- Neurologic procedures -- Abdominal and genitourinary procedures -- Musculoskeletal procedures -- integumentary procedures -- Thermoregulation -- Ophthalmic procedures -- Otic procedures -- Nasal procedures -- Dental and throat procedures -- Medication administration -- Miscellaneous procedures. 0aEmergency nursingvHandbooks, manuals, etc. 0aEmergency medicinevHandbooks, manuals, etc.1 aProehl, Jean A.